The worst of times: How life on earth survived eighty million years of extinctions (Record no. 1464937)

MARC details
000 -LEADER
fixed length control field 01194nam a2200181 4500
005 - DATE AND TIME OF LATEST TRANSACTION
control field 20251022100214.0
008 - FIXED-LENGTH DATA ELEMENTS--GENERAL INFORMATION
fixed length control field 251022b |||||||| |||| 00| 0 eng d
020 ## - INTERNATIONAL STANDARD BOOK NUMBER
International Standard Book Number 9780691142098
037 ## - SOURCE OF ACQUISITION
Terms of availability Textual
040 ## - CATALOGING SOURCE
Original cataloging agency RTL
Transcribing agency RTL
084 ## - COLON CLASSIFICATION NUMBER
Assigning agency RTL
100 ## - MAIN ENTRY--PERSONAL NAME
Personal name Wignall, Paul B.
9 (RLIN) 849088
245 ## - TITLE STATEMENT
Title The worst of times: How life on earth survived eighty million years of extinctions
260 ## - PUBLICATION, DISTRIBUTION, ETC.
Place of publication, distribution, etc. New Jersey
Name of publisher, distributor, etc. Princeton University press
Date of publication, distribution, etc. 2015
300 ## - PHYSICAL DESCRIPTION
Extent xv, 199 p.
Other physical details Includes bibliographical reference and index
520 ## - SUMMARY, ETC.
Summary, etc. 260 million years ago, life on Earth suffered wave after wave of cataclysmic extinctions, with the worst--the end-Permian extinction--wiping out nearly every species on the planet. This book delves into the mystery behind these extinctions and sheds light on the fateful role the primeval supercontinent, known as Pangea, may have played in causing these global catastrophes. Drawing on the latest discoveries as well as his own field expeditions to remote corners of the world, Paul Wignall reveals what scientists are only now beginning to understand about the most prolonged period of environmental crisis in Earth's history.
942 ## - ADDED ENTRY ELEMENTS (KOHA)
Source of classification or shelving scheme Colon Classification (CC)
Suppress in OPAC No
Koha item type Textual
Holdings
Withdrawn status Lost status Source of classification or shelving scheme Damaged status Not for loan Home library Current library Date acquired Total Checkouts Barcode Date last seen Price effective from Koha item type
    Colon Classification (CC)     Ratan Tata Library Ratan Tata Library 2025-10-22   RT1528494 2025-10-22 2025-10-22 Textual
Copyright @ Delhi University Library System